The Lord of the Rings: The Rings of Power Characters by Picture - Statistics

General Stats
  • This quiz has been taken 113 times
  • The average score is 19 of 42
Answer Stats
Picture Answer % Correct
Galadriel
100%
Elrond
96%
Stranger
94%
Durin IV
93%
Annatar
92%
Celebrimbor
79%
Adar
76%
Isildur
75%
Gil-Galad
74%
Durin III
72%
Tom Bombadil
71%
Ar-Pharazôn
67%
Nori Brandyfoot
62%
Arondir
61%
Elendil
60%
Disa
59%
Poppy Proudfellow
55%
Dark Wizard
53%
Tar-Míriel
52%
Theo
52%
Bronwyn
41%
Círdan
39%
Finrod
38%
Sadoc Burrows
38%
Eärien
26%
Valandil
26%
Ñarvi
25%
Kemen
24%
Tar-Palantir
24%
Winterbloom
24%
Estrid
21%
Mirdania
16%
Marigold Brandyfoot
14%
Waldreg
14%
Largo Brandyfoot
13%
Merimac
12%
Malva Meadowgrass
11%
Ontamo
8%
Belzagar
7%
Gundabale Earthauler
7%
Brânk
4%
Dweller
4%
No matching quizzes found
Score Distribution
Percent of People with Each Score
Percentile by Number Answered
Your Score History
You have not taken this quiz